=LDR 00000nam 2200000 4500 =001 INLIS000000000047720 =005 20160215091448.0 =006 =007 =008 =020 ##$$a 798.1.59184.286-6 =035 ##$$0010-021600000000108 =040 ##$$a NBPDMAT =082 ##$$a 658.834 2 =090 ##$$a 658.834 2 $bMar y =100 ##$$a Marchi Scott De =245 ##$$a You are what you choose : the habits of mind that Really determine how we make decisions Scott De Marchi; James T. Hamilton =250 ##$$a Cet. 1 =260 ##$$a New York$bPortfolio$c2009 =300 ##$$a 197 hlm. ; 21 cm =500 ##$$a Indeks hlm : 188 - 197 =650 ##$$a Pemasaran =700 ##$$a Hamilton, James T =850 ##$$a NBPDMAT =990 ##$$a 31500683 =990 ##$$a 31500683/BPAP-NTB/2016